00735 a2200193 4500999001500000010001400015020002300029035001300052037001500065082001100080100003000091245007700121260003800198270008400236300002700320500005000347942003100397952011300428 c4452d4452 aENG-86348 a8131302132c320.00 aEN-69881 bDBAD / PUB14a954.011 aSrivastava, Kamal Shankar1 aEconomic and social life in Ancient India /cby Kamal Shankar Srivastava aNew DelhibA P H Publishingc2007 a5, Ansari Road, Darya GanjbNew Delhie110 002k011-23274050maphbooks@vsnl.net ax, 318 p.c23cm. (Hb.) aIncludes bibliographical references and index adplcEN2ddch954.01 mSRI 001040718NFICaDBADbDBADeDBAD/PUBg320.00l0o954.01 SRIpEN-69881r2008-09-15 00:00:00t1v320.00yEN